=LDR 00000nam 2200000 4500 =001 INLIS000000000040695 =005 20130612150245 =008 ***********************************ind** =035 ##$$0010-061300000040695 =041 ##$$a ind =082 ##$$a 813 =090 ##$$a 813 , Kin ,t =100 ##$$a KINGSBURI,Konen =245 ##$$a Take one , Konen Kingsburi =260 ##$$a 2010 $b Yogyakarta =300 ##$$a xviii,430 hlm. , 21 cm =650 ##$$a FIKSI =850 ##$$a NBPNMAT =990 ##$$a 0001/BPAP-NTB/20142015